LDR 00584naa#a2200181#i#450# 001 EN\RIOR\bibl\126193 005 20260629064546.1 011 ## _a2409-6024 100 ## _a20260530b2026####ek#y0engy0150####ca 102 ## _aRU 200 1# _aMONITORING OF REGIONAL ECONOMIC SECURITY BASED ON ANALYTICAL TOOLS _eJournal article 210 1# _aMoscow _cPublishing Center RIOR _d2026 215 ## _a16 с. 608 ## _aJournal article _2local 675 ## _aУправление экономикой. 338.24 _z 700 #1 _aVasil'chuk _gAndrey Stepanovich 700 #1 _aHmelev _gSergey Aleksandrovich 856 4# _arusjm.ru _u